Representation theory of lie groups / (Record no. 9407)

MARC details
000 -LEADER
fixed length control field 00728nam a22002177a 4500
005 - DATE AND TIME OF LATEST TRANSACTION
control field 20150124121545.0
008 - FIXED-LENGTH DATA ELEMENTS--GENERAL INFORMATION
fixed length control field 110608t xxu||||| |||| 00| 0 eng d
020 ## - INTERNATIONAL STANDARD BOOK NUMBER
International Standard Book Number 0821819410
050 04 - LIBRARY OF CONGRESS CALL NUMBER
Classification number QA252.3
Item number R45 2000
245 00 - TITLE STATEMENT
Title Representation theory of lie groups /
Statement of responsibility, etc Jeffrey Adams, David Vogan Editors.
250 ## - EDITION STATEMENT
Edition statement 1a. ed.
260 ## - PUBLICATION, DISTRIBUTION, ETC. (IMPRINT)
Place of publication, distribution, etc United States of America :
Name of publisher, distributor, etc American Mathematical Society,
Date of publication, distribution, etc c2000
300 ## - PHYSICAL DESCRIPTION
Extent xii, 340 p. ;
Dimensions 26 cm.
490 #0 - SERIES STATEMENT
Series statement AS/Park City Mathematical Series ;
Volume number/sequential designation v.8
504 ## - BIBLIOGRAPHY, ETC. NOTE
Bibliography, etc Bibliografía :
Number of references p. 337-340
650 #7 - SUBJECT ADDED ENTRY--TOPICAL TERM
Source of heading or term Lemb
Topical term or geographic name as entry element Representaciones de grupo (Matemáticas)
650 #7 - SUBJECT ADDED ENTRY--TOPICAL TERM
Source of heading or term Lemb
Topical term or geographic name as entry element Grupos de lie
700 1# - ADDED ENTRY--PERSONAL NAME
Personal name Adams, Jeffrey,
Relator term ed.
700 1# - ADDED ENTRY--PERSONAL NAME
Personal name Vogan, David,
Relator term ed.
942 ## - ADDED ENTRY ELEMENTS (KOHA)
Source of classification or shelving scheme Clasificación Decimal Dewey
Koha item type Libro
Holdings
Estado de pérdida Fuente de clasificación Estado del daño No para préstamo Ubicación permanente Ubicación actual Apartado o colección Fecha de adquisición Fuente de adquisición Clasificación Código de Barras Date last seen Número de copia Tipo de recurso Nota pública
  Biblioteca del Cogreso de los Estados Unidos     Biblioteca de la Facultad de Físico Matemáticas Biblioteca de la Facultad de Físico Matemáticas General 08/06/2011   QA252.3 R45 c2000 C:1 FFM000001872 16/01/2015 C:1 Libro Solo para lectura
  Biblioteca del Cogreso de los Estados Unidos     Biblioteca de la Facultad de Físico Matemáticas Biblioteca de la Facultad de Físico Matemáticas General 08/06/2011   QA252.3 R45 c2000 C:2 FFM000001873 16/01/2015 C:2 Libro Prestamo